| 000 | 02463nam0a2200337 4500 | ||
|---|---|---|---|
| 001 | RU\NLR\BIBL_A\011590214 | ||
| 005 | 20241103122546.0 | ||
| 010 |
_a9785931903422 _9100 |
||
| 021 |
_aRU _b2017-95436 _96855 |
||
| 035 | _a(RuMoRGB)009485004 | ||
| 035 | _a(NLR Aleph) 011590214 | ||
| 090 |
_a10834059 _c10834059 |
||
| 100 | _a20180111d2016 u y0rusy50 ca | ||
| 101 | 0 | _arus | |
| 102 | _aRU | ||
| 105 | _aa|||j|||000zy | ||
| 200 | 1 |
_aВнеурочная деятельность по предмету "Физическая культура" в условиях реализации ФГОС _eучебно-методическое пособие _eдля студентов высших учебных заведений, обучающихся по направлению подготовки 44.03.01 - "Педагогическое образование" (Профиль: "Физкультурное образование") _fН.И. Синявский, Г.М. Акушев, А.В. Фурсов, Р.И. Садыков _gДепартамент образования и молодёжной политики Ханты-Мансийского автономного округа - Югры, Бюджетное учреждение высшего образования Ханты-Мансийского автономного округа - Югры "Сургутский государственный педагогический университет" |
|
| 210 |
_aСургут _cРедакционно-издательский отдел Сургутского государственного педагогического университета _d2016 |
||
| 215 |
_a123 с. _cил., табл., цв. ил. _d20 |
||
| 320 | _aБиблиогр.: с. 121-123 | ||
| 606 |
_aФизическая культура и спорт _jУчебно-методические пособия _xМассовая работа _xСредняя школа _92378222 _3RU\NLR\AUTH\6601640271 |
||
| 686 |
_aЧ421,6(2)385.5,0 _2rubbk |
||
| 686 | 1 | _aЧ421.385.5я7 | |
| 701 | 1 |
_aСинявский _bН. И. _gНиколай Иванович |
|
| 701 | 1 |
_aАкушев _bГ. М. _gГеннадий Михайлович |
|
| 701 | 1 |
_aФурсов _bА. В. _gАлексей Валерьевич |
|
| 701 | 1 |
_aСадыков _bР. И. _gРуслан Ильтизарович |
|
| 942 | _cBOOK | ||
| 980 | _aNBR | ||